Somerset and all the Maughams
Saved in:
| Hovedforfatter: | |
|---|---|
| Format: | Bog |
| Sprog: | engelsk |
| Udgivet: |
Londres
Longmans
1966
|
| Fag: | |
| Tags: |
Tilføj Tag
Ingen Tags, Vær først til at tagge denne postø!
|
MARC
| LEADER | 00000nam a2200000 a 4500 | ||
|---|---|---|---|
| 001 | UCQ4792 | ||
| 003 | CL-VaPUC | ||
| 005 | 20211029135832.0 | ||
| 008 | 980910e19660000UK |||||||||||||||||eng|d | ||
| 999 | |c 275094 |d 275092 | ||
| 040 | |c Pontificia Universidad Católica de Valparaíso | ||
| 082 | 0 | 4 | |a 813 |b MAU |2 21 |
| 100 | |a Maugham, Robin |e autor |9 418975 | ||
| 245 | 1 | 0 | |a Somerset and all the Maughams |
| 260 | |a Londres |b Longmans |c 1966 | ||
| 300 | |a 274 p | ||
| 583 | |a last modification |c 19980910 00:00:00 |k Rodrigo Vera | ||
| 600 | |a Maugham, William Somerset, |d 1874-1965 |9 864002 | ||
| 650 | 7 | |a NOVELA ESTADOUNIDENSE |2 CL-VaPUC |9 266286 | |
| 650 | 0 | |a Literatura estadounidense |9 317168 | |
| 650 | 0 | |a Historia y crítica |9 257407 | |
| 650 | 7 | |a GENEALOGIAS |2 CL-VaPUC |9 418977 | |
| 942 | |c BK |2 ddc | ||
| 945 | |d 19980910 00:00:00 |a crobeson | ||
| 952 | |0 0 |1 0 |4 0 |6 813_000000000000000_MAU_1966 |7 0 |8 A |9 311637 |a BIBEDU |b BIBEDU |d 2019-11-20 |i 1465562 |o 813 MAU 1966 |p 1465562 |r 2019-11-20 |w 2019-11-20 |y BK |k LIT | ||